01169cam a2200361 i 45000010008000000030009000080050017000170070008000340080030000420150006000720170009000780200018000870350006001050400025001110800006001360820026001421000036001682450098002042500012003022600040003143000025003544900031003795000046004106500030004566500034004867000042005208300031005629420012005939450028006059520132006339560025007659990017007900000449DO-SdBNP20240705093844.00000449100514s2008 sp | 000 f spa  a  a b  a9788426359629 a  aBPMSUbspacBPMSUe  a  4a863.6bG633t 20082221 aGómez Cerdá, Alfredod1951-13aEl tesoro del barco fantasma /cAlfredo Gómez Cerdá ; ilustraciones Jordi Vila Delclós a2a. ed. aZaragoza :bEdelvives,c2008.g2008 a181 p.: bil.c21 cm1 aAla delta, serie verdev54 aLa biblioteca posee la 14a. reimpresión 4aNovela juvenil española 4aContrabando vNovela juvenil1 aVila Delclós, Jordieilustraciones  0aAla deltav54pserie verde 2ddccBK ainventariado, 2018 / dg 00102ddc40708CGaBPMETbBPMETd2016-06-24eFUNDI l0oBPMSU CJG 863.6 G633t 2008pBPMSU16060564r2016-06-24w2016-06-24yBK aYLOCKWARD810cBPMSU c10584d10584